00522 2200217 4500001002100000005001700021008004100038035002400079082000800103090001500111100001600126245003900142250001100181260002600192300001900218650001900237850001200256980001500268985000600283999001500289YOGYA-0209000006949620090227093231.0 ind  0010-020900000069496 a813 a813bPau F aPAUL, Louis aA Father in the familycLouis Paul aCet. 1 aNer Yorkbcrownc1951 a286 hlmc20 cm aCerita Amerika aYOPDYOG a07-04-2008 a1 aA000012531